|
|
|
|
| LEADER |
00000cam a2200000 7i4500 |
| 001 |
0000283320 |
| 005 |
20240403143719.0 |
| 006 |
ao ### ### |
| 007 |
ta |
| 008 |
240205s my o g may |
| 022 |
|
|
|a 2180-3684
|
| 040 |
|
|
|a MBPJ
|b eng
|c MBPJ
|e rda
|
| 090 |
0 |
|
|a BUL 079
|
| 110 |
0 |
|
|a Gabungan Persatuan-persatuan Pengguna Malaysia (FOMCA)
|
| 245 |
0 |
0 |
|a RINGGIT RAKAN KEWANGAN ANDA :
|b Waspada Terhadap 'Scam' Kewangan (Bahagian 1) .
|n edisi Jun 2017
|c Gabungan Persatuan-Persatuan Pengguna Malaysia (FOMCA) dan Bank Negara Malaysia
|
| 264 |
|
0 |
|a Petaling Jaya :
|b Pusat Penyelidikan dan Sumber Pengguna (CRRC)
|c 2017
|
| 300 |
|
|
|a 11 pages :
|b colour photographs ;
|c 30 cm.
|
| 336 |
|
|
|a text
|2 rdacontent
|
| 337 |
|
|
|a unmediated
|2 rdamedia
|
| 338 |
|
|
|a volume
|2 rdacarrier
|
| 500 |
|
|
|a Buletin - (17/07/2017)
|
| 500 |
|
|
|a Perpustakaan mempunyai 2 salinan bahan
|
| 710 |
2 |
|
|a Bank Negara Malaysia
|e issuing body
|
| 999 |
|
|
|a BA0221/20
|b BULETIN
|c KOLEKSI BAHAN ARKIB
|e PERPUSTAKAAN KOMUNITI PETALING JAYA
|
| 999 |
|
|
|a BA0222/20
|b BULETIN
|c KOLEKSI BAHAN ARKIB
|e PERPUSTAKAAN KOMUNITI PETALING JAYA
|